000
00185 a2200097 4500
020
_a
9780892391561
041
_a
eng
100
_a
Blanco, Alberto
245
_a
Angel's Kite
942
_c
BK
999
_c
10277
_d
10277